[Event "Asian Nations Cup 2016"]
[Site "Abu Dhabi UAE"]
[Date "2016.04.05"]
[Round "9.1"]
[White "Asefi, Zaheeruddeen"]
[Black "Shrestha, Bilam Lal"]
[Result "0-1"]
[WhiteTitle "FM"]
[BlackTitle "FM"]
[WhiteElo "2020"]
[BlackElo "2026"]
[WhiteTeam "Afghanistan"]
[BlackTeam "Nepal"]
[WhiteFideId "11700025"]
[BlackFideId "12300047"]
[EventDate "2016.03.28"]
[EventType "team"]

1. d4 Nf6 2. Nf3 e6 3. c4 c5 4. d5 exd5 5. cxd5 d6 6. Nc3 g6 7. e4 Bg7 8. Be2
O-O 9. O-O Re8 10. Qc2 a6 11. a4 Bg4 12. Bg5 Nbd7 13. Nd2 Bxe2 14. Nxe2 b5 15.
f3 h6 16. Bh4 g5 17. Bf2 Nxd5 18. Ng3 Nb4 19. Qb3 Ne5 20. Nf5 Bf8 21. Rfd1 Ned3
22. Nf1 c4 23. Qc3 Re6 24. Bd4 Rg6 25. N1e3 d5 26. Ng4 Nf4 27. Kf1 Nh5 28. g3
Nd3 29. e5 b4 30. Qd2 Rc8 31. Nge3 Rcc6 32. a5 Rce6 33. Ng4 Qd7 34. Nfe3 b3 35.
Qe2 Rc6 36. Rxd3 cxd3 37. Qxd3 Bc5 38. Nf5 Kf8 39. Rd1 Rc8 40. Nfe3 Qb5 41. Qxb5
axb5 42. Bxc5+ Rxc5 43. Nxd5 Ra6 44. Nge3 Rxa5 45. f4 gxf4 46. gxf4 Ra4 47. f5
Re4 48. Nb6 Ke8 49. Kf2 Rcxe5 50. Rd3 Nf6 51. h3 h5 52. Rxb3 h4 53. Rd3 Rf4+ 54.
Kg2 Ne4 55. Nbd5 Rf2+ 56. Kg1 Rxb2 57. Nc7+ Ke7 58. Ncd5+ Kf8 59. f6 Nf2 60. Ra3
Nxh3+ 61. Kf1 Kg8 62. Ra8+ Kh7 63. Ke1 Ng5 64. Ra1 h3 65. Kd1 h2 66. Kc1 Rf2 0-1

[Event "Asian Nations Cup 2016"]
[Site "Abu Dhabi UAE"]
[Date "2016.04.05"]
[Round "9.2"]
[White "Shrestha, Rajendra Prasad"]
[Black "Mirzaad, S.wahabuddin"]
[Result "0-1"]
[WhiteElo "1922"]
[BlackElo "2053"]
[WhiteTeam "Nepal"]
[BlackTeam "Afghanistan"]
[WhiteFideId "12300489"]
[BlackFideId "11700785"]
[EventDate "2016.03.28"]
[EventType "team"]

1. e4 d5 2. exd5 Qxd5 3. Nf3 Bg4 4. Be2 Nf6 5. Nc3 Qa5 6. O-O e6 7. d4 c6 8. Bf4
Be7 9. h3 Bh5 10. Qd2 Bb4 11. Rfe1 Ne4 12. Qd3 Nxc3 13. bxc3 Bxc3 14. Bd2 Bxd2
15. Nxd2 Bxe2 16. Rxe2 O-O 17. Ne4 Nd7 18. Re3 Rad8 19. Rg3 Kh8 20. Rg5 Qc7 21.
Rh5 g6 22. Rh4 f6 23. Qe3 Rf7 24. Rb1 b6 25. Re1 Nf8 26. c3 Re8 27. Qh6 Qd8 28.
Qf4 g5 29. Nxg5 fxg5 30. Qxf7 gxh4 31. Qxa7 Re7 32. Qa4 b5 33. Qc2 Rg7 34. Qe4
Qd5 35. Re2 Qxe4 36. Rxe4 Ra7 37. Rxh4 Rxa2 38. Rh5 Kg7 39. Rc5 Ra6 40. f4 Nd7
41. Rg5+ Kf7 42. Rh5 Nf6 43. Rc5 Ne4 44. Rh5 Ra1+ 45. Kh2 Rh1+ 46. Kxh1 Ng3+ 47.
Kg1 Nxh5 48. Kf2 Nxf4 49. Kf3 Nd5 0-1

[Event "Asian Nations Cup 2016"]
[Site "Abu Dhabi UAE"]
[Date "2016.04.05"]
[Round "9.3"]
[White "Mehrad, Ahmad Tamim"]
[Black "Shrestha, Sujendra Prasad"]
[Result "0-1"]
[BlackTitle "FM"]
[WhiteElo "1988"]
[BlackElo "1893"]
[WhiteTeam "Afghanistan"]
[BlackTeam "Nepal"]
[WhiteFideId "11700491"]
[BlackFideId "12300519"]
[EventDate "2016.03.28"]
[EventType "team"]

1. d4 c5 2. d5 d6 3. c4 e5 4. e4 g6 5. f4 Bg7 6. Nf3 exf4 7. Nc3 g5 8. h4 g4 9.
Ng1 Be5 10. Bd2 h5 11. Qc2 Ne7 12. O-O-O Ng6 13. Nge2 a6 14. Kb1 Nd7 15. g3 f3
16. Nf4 Qf6 17. Nxg6 fxg6 18. Bg5 Qf7 19. Qf2 O-O 20. Bd3 Qg7 21. Rc1 Bd4 22.
Qd2 Kh7 23. Rhf1 Ne5 24. Be3 Nxd3 25. Qxd3 Be5 26. Bf2 Bd7 27. Kc2 b5 28. b3
Rfb8 29. Rb1 Rb7 30. Rfc1 Rab8 31. Kd2 bxc4 32. Qxc4 Bb5 33. Nxb5 Rxb5 34. Qd3
Qc7 35. Kd1 a5 36. Rc4 Qb7 37. Rbc1 Rb4 38. Be1 Qa6 39. Qe3 Rf8 40. Bd2 Bg7 41.
Ke1 f2+ 42. Kf1 Rb7 43. Kg2 a4 44. Rf1 axb3 45. axb3 Rf3 46. Qe2 Rbxb3 47. Rxf2
Rxg3+ 48. Kf1 Rbd3 49. Bf4 Rgf3 50. Rxf3 Rxf3+ 51. Kg2 Rxf4 52. Qd3 Be5 53. Qb3
Rf3 54. Qc2 Qa1 55. Qc1 Qxc1 56. Rxc1 Rh3 57. Rb1 Rh2+ 58. Kg1 Rxh4 59. Rb7+ Kh6
60. Re7 Rh3 61. Kf2 Rd3 0-1

[Event "Asian Nations Cup 2016"]
[Site "Abu Dhabi UAE"]
[Date "2016.04.05"]
[Round "9.1"]
[White "Zayed, Ali Al-hamed"]
[Black "Eid, Fadi"]
[Result "0-1"]
[BlackTitle "IM"]
[WhiteElo "1987"]
[BlackElo "2352"]
[WhiteTeam "UAE - 3"]
[BlackTeam "Lebanon"]
[WhiteFideId "9303340"]
[BlackFideId "5300118"]
[EventDate "2016.03.28"]
[EventType "team"]

1. e4 Nc6 2. Nf3 d6 3. d4 Nf6 4. c3 g6 5. Bd3 Bg7 6. O-O O-O 7. Na3 e5 8. Nc2
Bg4 9. h3 Bd7 10. Re1 h6 11. b4 Nh7 12. Rb1 Ng5 13. Nxg5 hxg5 14. d5 Nb8 15. c4
a5 16. a3 axb4 17. axb4 Ra2 18. Na3 g4 19. hxg4 Qh4 20. g3 Qf6 21. Rf1 Na6 22.
Qb3 Rxa3 23. Bxa3 Bxg4 24. Rfe1 Qg5 25. Be2 Bxe2 26. Rxe2 Qg4 27. Ree1 f5 28.
Qd1 Qh3 29. Qf3 g5 30. Qg2 Qh5 31. g4 fxg4 32. Re3 Rf4 33. Rg3 Nb8 34. Bc1 Nd7
35. Bxf4 exf4 36. Rxg4 Ne5 37. f3 Kf7 38. Kf2 Nxg4+ 39. Qxg4 Qh2+ 40. Qg2 Bd4+
41. Kf1 Qh4 42. Ke2 g4 43. Rh1 Qg3 44. Qf1 Kg6 45. Kd3 Bf2 46. Qe2 c5 47. Rf1
Bd4 48. bxc5 dxc5 49. e5 Be3 50. fxg4 b5 51. cxb5 Qh4 52. Qf3 Qh2 53. Qe2 c4+ 0-1

[Event "Asian Nations Cup 2016"]
[Site "Abu Dhabi UAE"]
[Date "2016.04.05"]
[Round "9.2"]
[White "El Jawich, Amro"]
[Black "Mansour, Abbas"]
[Result "1-0"]
[WhiteTitle "FM"]
[WhiteElo "2241"]
[BlackElo "1818"]
[WhiteTeam "Lebanon"]
[BlackTeam "UAE - 3"]
[WhiteFideId "5300380"]
[BlackFideId "9301402"]
[EventDate "2016.03.28"]
[EventType "team"]

1. e4 e5 2. Nf3 Nc6 3. d4 exd4 4. Bc4 Bc5 5. c3 Nf6 6. cxd4 Bb4+ 7. Bd2 Bxd2+ 8.
Nbxd2 d5 9. exd5 Nxd5 10. Qb3 Na5 11. Qa4+ c6 12. Bxd5 Qxd5 13. O-O b6 14. Rfe1+
Be6 15. Re5 Qd7 16. b4 Nb7 17. b5 Nd8 18. Qa3 Qe7 19. Qc3 O-O 20. bxc6 Qd6 21.
c7 Nc6 22. Ne4 Qd7 23. Rg5 f6 24. Rg3 Bd5 25. Ned2 Rac8 26. Nh4 Rxc7 27. Qe3 Qe6
28. Qf4 Rd7 29. Nf5 Bxa2 30. Nf3 Bd5 31. Re1 Ne5 32. dxe5 Bxf3 33. gxf3 fxe5 34.
Nh6+ Qxh6 35. Qxh6 1-0

[Event "Asian Nations Cup 2016"]
[Site "Abu Dhabi UAE"]
[Date "2016.04.05"]
[Round "9.3"]
[White "Al-Zaabi, Sultan"]
[Black "Bassel, Charaf"]
[Result "0-1"]
[WhiteTitle "CM"]
[WhiteElo "1817"]
[BlackElo "2112"]
[WhiteTeam "UAE - 3"]
[BlackTeam "Lebanon"]
[WhiteFideId "9307583"]
[BlackFideId "5300657"]
[EventDate "2016.03.28"]
[EventType "team"]

1. d4 Nf6 2. c4 g6 3. Nc3 d5 4. cxd5 Nxd5 5. e4 Nxc3 6. bxc3 Bg7 7. Be3 c5 8.
Bc4 Nc6 9. Ne2 cxd4 10. cxd4 Qa5+ 11. Qd2 Qxd2+ 12. Kxd2 O-O 13. Rhd1 a6 14.
Rac1 Na5 15. Bd3 Nc6 16. Bc4 e6 17. Ke1 b5 18. Bd3 Bb7 19. f3 Rfd8 20. Bb1 Rd7
21. Rd2 Rad8 22. Rcd1 Na5 23. Bd3 Rc8 24. Rc1 Rxc1+ 25. Nxc1 Rc7 26. Ne2 Bf8 27.
Rc2 Nc4 28. Bd2 Bd6 29. Bf4 Bb4+ 30. Kf2 Rc8 31. Bxc4 Rxc4 32. Rxc4 bxc4 33. Bc1
f5 34. e5 Kf7 35. Bb2 Ke8 36. Bc3 Be7 37. Ke3 Bg5+ 38. Kf2 Kd7 39. Ke1 Bc6 40.
Bd2 Be7 41. Nc3 g5 42. Kf2 h5 43. h3 Kc7 44. Ke2 Kb6 45. Kd1 h4 46. Ke2 Bd8 47.
Kd1 g4 48. Ke2 gxh3 49. gxh3 Ka5 50. Ne4+ Kb6 51. Nf6 Kb5 52. Bg5 Bb6 53. Be3
Ba5 54. Bg5 c3 55. Bxh4 Kc4 56. Bf2 c2 57. Be3 Bc3 58. Bc1 Kxd4 59. f4 Bb5+ 60.
Kf2 Kd3 61. h4 Bd2 62. Bb2 Bxf4 63. h5 Bxe5 0-1

[Event "Asian Nations Cup 2016"]
[Site "Abu Dhabi UAE"]
[Date "2016.04.05"]
[Round "9.4"]
[White "Maasarani, Mahmoud"]
[Black "Ali, Abdulaziz"]
[Result "1-0"]
[WhiteElo "2052"]
[BlackElo "1910"]
[WhiteTeam "Lebanon"]
[BlackTeam "UAE - 3"]
[WhiteFideId "5300681"]
[BlackFideId "9304347"]
[EventDate "2016.03.28"]
[EventType "team"]

1. d4 Nf6 2. Nf3 c5 3. c4 e6 4. e3 cxd4 5. exd4 d5 6. Nc3 Nc6 7. a3 Be7 8. Be2
O-O 9. O-O a6 10. Bf4 dxc4 11. Bxc4 b5 12. Be2 Nd5 13. Nxd5 Qxd5 14. Be3 Bb7 15.
Ne1 Rfd8 16. Bf3 Qd7 17. Rc1 Bf6 18. Nc2 Ne7 19. Qe2 Nf5 20. Rfd1 Nh4 21. Bxb7
Qxb7 22. Qg4 h5 23. Qh3 Rac8 24. Ne1 Qe4 25. Rxc8 Rxc8 26. Qg3 Nf5 27. Qf3 Qxf3
28. Nxf3 Rc2 29. Rb1 Nxe3 30. fxe3 Re2 31. Kf1 Rxe3 32. Kf2 Rb3 33. Ke2 Rxf3 34.
gxf3 Bxd4 35. b3 b4 36. a4 a5 37. Kd3 e5 38. Rc1 Bc3 39. Rxc3 bxc3 40. b4 Kf8
41. bxa5 Ke8 1-0

[Event "Asian Nations Cup 2016"]
[Site "Abu Dhabi UAE"]
[Date "2016.04.05"]
[Round "9.1"]
[White "Khusenkhojaev, Muhammad"]
[Black "Hamdan, Marshool"]
[Result "1/2-1/2"]
[WhiteTitle "IM"]
[BlackTitle "FM"]
[WhiteElo "2416"]
[BlackElo "2003"]
[WhiteTeam "Tajikistan"]
[BlackTeam "UAE - 2"]
[WhiteFideId "14700247"]
[BlackFideId "9303804"]
[EventDate "2016.03.28"]
[EventType "team"]

1. Nf3 f5 2. c4 Nf6 3. d4 d6 4. Nc3 g6 5. g3 Bg7 6. Bg2 O-O 7. O-O Qe8 8. d5 Na6
9. Be3 Bd7 10. Qb3 c5 11. dxc6 bxc6 12. Qa3 Nc7 13. Bg5 Ne4 14. Nxe4 fxe4 15.
Nd2 h6 16. Be3 d5 17. cxd5 cxd5 18. Qa5 Qd8 19. a4 e6 20. f3 exf3 21. Nxf3 Ne8
22. Qd2 Nd6 23. Bxh6 Nc4 24. Qc1 Qb6+ 25. Kh1 Qxb2 26. Qxb2 Bxb2 27. Bxf8 Bxa1
28. Rxa1 Rxf8 29. Bh3 Kf7 30. Rb1 Ke7 31. Rb7 a5 32. Nd4 Kd6 33. Ra7 Rb8 34. Kg1
Rb6 35. Kf2 Bxa4 36. Nxe6 Bd7 37. Nf4 Bxh3 38. Nxh3 Kc5 39. Nf4 Rd6 40. h4 Kb5
41. Rb7+ Nb6 42. Ke3 a4 43. Kd4 a3 44. Kc3 Ka6 45. Rf7 Nc4 46. Nd3 Rb6 47. Nb4+
Kb5 48. Nxd5 Rb8 49. Rf1 Rc8 50. Rb1+ Kc5 51. Nf4 Kd6 52. Ra1 Ne5+ 53. Kb3 Rb8+
54. Ka2 Nc4 55. Rb1 Re8 56. Rb5 Re3 57. Rb3 Re4 58. Rd3+ Kc5 59. Kb3 Ne5 60. Rd8
Re3+ 61. Nd3+ Nxd3 62. Rxd3 Rxe2 63. Kxa3 Kc4 64. Rf3 Kd4 65. Kb4 Re3 66. Rf4+
Ke5 67. Rg4 Re4+ 68. Rxe4+ Kxe4 69. g4 Kf4 70. h5 gxh5 71. gxh5 Kg5 72. Kc5 Kxh5 1/2-1/2

[Event "Asian Nations Cup 2016"]
[Site "Abu Dhabi UAE"]
[Date "2016.04.05"]
[Round "9.4"]
[White "Abdulla, Al-Hamed"]
[Black "Antonova, Nadezhda"]
[Result "0-1"]
[BlackTitle "WFM"]
[WhiteElo "1871"]
[BlackElo "1956"]
[WhiteTeam "UAE - 2"]
[BlackTeam "Tajikistan"]
[WhiteFideId "9302328"]
[BlackFideId "14700182"]
[EventDate "2016.03.28"]
[EventType "team"]

1. e4 c5 2. c3 d6 3. d4 Nf6 4. Bd3 g6 5. Nf3 Bg7 6. O-O O-O 7. Be3 Qc7 8. Nbd2
Nbd7 9. Nh4 Nb6 10. h3 e5 11. d5 Nh5 12. Be2 Nf4 13. Bg4 f5 14. exf5 gxf5 15.
Bxf4 fxg4 16. Bg5 gxh3 17. g3 h6 18. Be3 Nxd5 19. Ne4 Be6 20. Bc1 Nf6 21. Qxd6
Qxd6 22. Nxd6 Ng4 23. f3 b6 24. Rd1 Nf6 25. Be3 Nd5 26. Bf2 Kh7 27. Ne4 Rad8 28.
Rd2 Nf6 29. Nd6 e4 30. fxe4 Ng4 31. Rf1 h2+ 32. Kg2 Nxf2 33. Rfxf2 Rxf2+ 34.
Rxf2 Rxd6 35. Kxh2 Bxa2 0-1

[Event "Asian Nations Cup 2016"]
[Site "Abu Dhabi UAE"]
[Date "2016.04.05"]
[Round "9.1"]
[White "Snoper, Rafat"]
[Black "Alrashidi, Yousef"]
[Result "1-0"]
[WhiteElo "1890"]
[BlackElo "1631"]
[WhiteTeam "Palestine"]
[BlackTeam "Kuwait"]
[WhiteFideId "11502150"]
[BlackFideId "10300910"]
[EventDate "2016.03.28"]
[EventType "team"]

1. d4 Nf6 2. c4 e6 3. Nc3 Bb4 4. h4 O-O 5. Bg5 c5 6. d5 Bxc3+ 7. bxc3 d6 8. e3
e5 9. Qc2 Re8 10. Bd3 e4 11. Be2 h6 12. Bf4 Bf5 13. Qd1 Qd7 14. Nh3 Na6 15. Rg1
Ng4 16. Qd2 Nc7 17. f3 Nf6 18. Nf2 h5 19. Bg5 exf3 20. gxf3 Bg6 21. Bxf6 gxf6
22. Bd3 Kh7 23. Ne4 Qe7 24. Kf2 Rg8 25. Ng3 Kh8 26. f4 b5 27. f5 bxc4 28. Bxc4
Bh7 29. Rae1 Qe5 30. Be2 Nxd5 31. Bxh5 Bxf5 32. e4 Qf4+ 33. Qxf4 Nxf4 34. exf5
Nd3+ 35. Kf3 Nxe1+ 36. Rxe1 Rg7 37. Re7 Rag8 38. Ne4 Rg2 39. Rxf7 Rxa2 40. Nxf6 1-0

[Event "Asian Nations Cup 2016"]
[Site "Abu Dhabi UAE"]
[Date "2016.04.05"]
[Round "9.2"]
[White "AlShourfaa, Hazaa"]
[Black "Dawabsha, Taha"]
[Result "0-1"]
[WhiteElo "1808"]
[BlackElo "1912"]
[WhiteTeam "Kuwait"]
[BlackTeam "Palestine"]
[WhiteFideId "10300198"]
[BlackFideId "11502100"]
[EventDate "2016.03.28"]
[EventType "team"]

1. e4 Nc6 2. Nc3 Nf6 3. f4 e5 4. fxe5 Nxe5 5. d4 Ng6 6. e5 Ng8 7. Bc4 Bb4 8. Qf3
Qe7 9. Ne2 Nh6 10. Bxh6 gxh6 11. O-O O-O 12. Nd5 Qh4 13. Nxb4 c6 14. g3 Qe7 15.
Qf6 b5 16. Qxe7 Nxe7 17. Bd3 a5 18. Nxc6 dxc6 19. Rf6 Bd7 20. Rd6 Rad8 21. Rf1
Be6 22. Rxd8 Rxd8 23. c3 a4 24. a3 Ng6 25. Be4 Bc4 26. Kf2 c5 27. Bxg6 hxg6 28.
Rd1 Kf8 29. Nf4 Ke7 30. Ng2 Bb3 31. Rd2 Ke6 32. Ke3 cxd4+ 33. cxd4 g5 34. Ne1 f6
35. Nd3 Ba2 36. Nc5+ Ke7 37. exf6+ Kxf6 38. Ne4+ Ke6 39. Nc3 Bc4 40. d5+ Ke5 41.
d6 Rxd6 42. Rxd6 Kxd6 43. Kd4 Bf1 44. Ne4+ Ke6 45. Kc5 Kf5 46. Nd6+ Kg4 47. Nxb5
Kh3 48. Nc3 Kxh2 49. g4 Bh3 50. Nxa4 Bxg4 51. b4 Bf3 52. Nc3 g4 53. Nd5 Bxd5 54.
Kxd5 g3 55. b5 g2 56. b6 g1=Q 57. Kc6 Qc1+ 0-1

[Event "Asian Nations Cup 2016"]
[Site "Abu Dhabi UAE"]
[Date "2016.04.05"]
[Round "9.3"]
[White "Tamra, Attallah"]
[Black "Al Azmi, Khalaf"]
[Result "1-0"]
[WhiteTitle "CM"]
[WhiteElo "2058"]
[BlackElo "1842"]
[WhiteTeam "Palestine"]
[BlackTeam "Kuwait"]
[WhiteFideId "11500255"]
[BlackFideId "10300040"]
[EventDate "2016.03.28"]
[EventType "team"]

1. Nf3 d5 2. g3 Nf6 3. Bg2 Nc6 4. d4 g6 5. O-O Bg7 6. c4 Bf5 7. Nc3 dxc4 8. d5
Nb8 9. Qa4+ Nbd7 10. Nh4 a6 11. Nxf5 gxf5 12. Qxc4 Nb6 13. Qd3 Qd7 14. Be3 O-O-O
15. Rfd1 e5 16. Bh3 e4 17. Qc2 Kb8 18. d6 Ng4 19. Bxg4 fxg4 20. Nxe4 Nc8 21. Nc5
Qc6 22. Nxa6+ Ka8 23. Nxc7+ Kb8 24. Qxc6 bxc6 25. Bf4 Kb7 26. Rd3 Rd7 27. Rb3+
Nb6 28. a4 Bd4 29. a5 Rb8 30. axb6 Kc8 31. b7+ 1-0

[Event "Asian Nations Cup 2016"]
[Site "Abu Dhabi UAE"]
[Date "2016.04.05"]
[Round "9.4"]
[White "Alkhaldi, Bader"]
[Black "Al-Takrori, Husam"]
[Result "1/2-1/2"]
[WhiteElo "1943"]
[BlackElo "2007"]
[WhiteTeam "Kuwait"]
[BlackTeam "Palestine"]
[WhiteFideId "10300171"]
[BlackFideId "11501243"]
[EventDate "2016.03.28"]
[EventType "team"]

1. f4 e5 2. fxe5 d6 3. exd6 Bxd6 4. Nf3 g5 5. c3 g4 6. Qa4+ Nc6 7. Qe4+ Nge7 8.
Nd4 Nxd4 9. Qxd4 Rg8 10. e4 Be6 11. Na3 Nc6 12. Bb5 Qh4+ 13. Kd1 g3 14. Bxc6+
bxc6 15. h3 Rd8 16. Qe3 Rg4 17. Re1 Rf4 18. d4 Rf2 19. Qg5 Qxg5 20. Bxg5 Rxg2
21. Bxd8 Kxd8 22. Re2 Rg1+ 23. Re1 Rg2 24. Re2 Rg1+ 25. Re1 Rxe1+ 26. Kxe1 Bxh3
27. Ke2 h5 28. e5 Be7 29. Nc4 Bg4+ 30. Kf1 Bg5 31. Kg2 h4 32. Rf1 Be6 33. b3 Ke7
34. Na5 Bd5+ 35. Kh3 Be6+ 36. Kg2 Bd2 37. Nxc6+ Kd7 38. c4 Kxc6 39. d5+ Kd7 40.
dxe6+ Kxe6 41. Rf6+ Ke7 42. Rf5 Bc3 43. Rh5 Ke6 44. Rxh4 Bxe5 45. Kf3 a5 46. Rg4
Kd6 47. Ke4 f6 48. Rg8 Kc5 49. Rb8 c6 50. Rb7 Bd4 51. Kf3 Be5 52. Rd7 Kb4 53.
Ra7 f5 54. Ra6 c5 55. Re6 Bd4 56. Kxg3 Ka3 57. Kf4 Kxa2 58. Rb6 Bc3 59. Kxf5 Bb4
60. Ke4 Kxb3 61. Kd5 a4 62. Rh6 a3 63. Rh3+ Kc2 64. Rh2+ Kb3 65. Rh3+ Kc2 66.
Rh2+ Kb3 67. Rh3+ Kc2 1/2-1/2